Administrative culture and organization : state level variance in the performance of the Malaysian national family planning program /

Bibliographic Details
Main Author: Alcser, Kirsten Haakan
Format: Thesis Microform Book
Language:English
Published: [Place of publication not identified] : [publisher not identified] ; 1983.
Subjects:

MARC

Tag First Indicator Second Indicator Subfields
LEADER 00000cam a2200000 a 4500
001 in00000015145
005 20151007053004.0
007 he amb|||||||
008 880607r19831983miua bb 00010 eng d
035 |a (OCoLC)18044740 
035 |9 AAA9955AM 
040 |a TXA  |c TXA  |d UtOrBLW 
043 |a a-my--- 
049 |a TXAI 
099 |a fiche  |a C  |a 6853 
100 1 |a Alcser, Kirsten Haakan. 
245 1 0 |a Administrative culture and organization :  |b state level variance in the performance of the Malaysian national family planning program /  |c by Kirsten Haakan Alcser. 
264 1 |a [Place of publication not identified] :  |b [publisher not identified] ;  |c 1983. 
300 |a xi, 305 leaves :  |b illustrations 
336 |a text  |b txt  |2 rdacontent 
337 |a microform  |b h  |2 rdamedia 
338 |a microfiche  |b he  |2 rdacarrier 
502 |b Ph. D.  |c University of Michigan  |d 1983. 
504 |a Bibliography: leaves 300-305. 
533 |a Microfiche.  |b Ann Arbor, Mich. :  |c University Microfilms International,  |d 1983.  |e 4 microfiches ; 11 x 15 cm. 
500 |a Microform. 
650 0 |a Corporate culture  |z Malaysia. 
650 0 |a Values. 
650 0 |a Birth control  |z Malaysia. 
999 |a MARS 
999 f f |s 0bb578a5-aac6-312f-858f-3b185c5eac75  |i 4d07643c-0fe8-3161-8bab-538bf2024167  |t 0 
952 f f |p normal  |a Texas A&M University  |b College Station  |c Sterling C. Evans Library  |d Evans: Microforms (3rd floor)  |t 0  |e fiche C 6853  |h Other scheme  |i microform -- microfiche  |m A14823020076 
952 f f |p normal  |a Texas A&M University  |b College Station  |c Sterling C. Evans Library  |d Evans: Microforms (3rd floor)  |t 0  |e fiche C 6853  |h Other scheme  |i microform -- microfiche  |m A14823019643 
998 f f |a fiche C 6853  |t 0  |l Evans: Microforms (3rd floor) 
998 f f |a fiche C 6853  |t 0  |l Evans: Microforms (3rd floor)